[Event "SVK-ch Seniors 65"]
[Site "Tatranske Matliare"]
[Date "2017.06.01"]
[Round "7"]
[White "Lukac, Dusan"]
[Black "Sutak, Andrej"]
[Result "0-1"]
[WhiteElo "1774"]
[BlackElo "1923"]
[PlyCount "88"]
[EventDate "2017.05.27"]
[EventType "swiss"]
[EventRounds "9"]
[EventCountry "SVK"]
[SourceTitle "EXT 2023"]
[Source "ChessBase"]
[SourceDate "2022.10.05"]
[SourceVersion "1"]
[SourceVersionDate "2022.10.05"]
[SourceQuality "1"]

1. e4 e5 2. Bc4 Nc6 3. Nf3 Bc5 4. c3 Nf6 5. d4 exd4 6. cxd4 Bb4+ 7. Bd2 Bxd2+ 8. Nbxd2 d6 9. 0-0 0-0 10. d5 Ne7 11. Qb3 b6 12. Rad1 Bg4 13. h3 Bh5 14. Bb5 Nd7 15. Rc1 Nc5 16. Qc2 a6 17. Be2 a5 18. a3 a4 19. Qc4 f6 20. Nb1 Bf7 21. Nc3 Ng6 22. Bd1 Be8 23. Nd4 Ne5 24. Qe2 Bd7 25. f4 Ng6 26. f5 Ne5 27. Ne6 Bxe6 28. fxe6 Ra5 29. Bc2 Qe8 30. Na2 Na6 31. Bd3 Nc5 32. Bc4 b5 33. b4 axb3 34. Bxb3 Nxb3 35. Rxc7 Qb8 36. Qc2 Qb6+ 37. Kh1 Nc5 38. Rxc5 dxc5 39. Qd2 Re8 40. Rf5 Rxa3 41. Qf2 Re7 42. Nb4 Ra1+ 43. Kh2 Qd6 44. Nc2 Nf3# 0-1

[Event "Tatry op"]
[Site "Tatranske Zruby"]
[Date "2012.09.29"]
[Round "8"]
[White "Jukl, Karel"]
[Black "Lukac, Dusan"]
[Result "1-0"]
[WhiteElo "1754"]
[BlackElo "1851"]
[PlyCount "89"]
[EventDate "2012.09.23"]
[EventType "swiss"]
[EventRounds "9"]
[EventCountry "SVK"]
[SourceTitle "EXT 2023"]
[Source "ChessBase"]
[SourceDate "2022.10.05"]
[SourceVersion "1"]
[SourceVersionDate "2022.10.05"]
[SourceQuality "1"]

1. d4 f5 2. Bf4 Nf6 3. e3 e6 4. Nd2 b6 5. Ngf3 Bb7 6. c3 d6 7. h3 Nbd7 8. Bd3 h6 9. Qb3 d5 10. Qd1 c5 11. Ne5 c4 12. Bc2 g5 13. Bh2 h5 14. Ba4 a6 15. Ng6 Rh6 16. Nxf8 Kxf8 17. Nf3 Nh7 18. Bxd7 Qxd7 19. Ne5 Qb5 20. Rb1 Nf6 21. f3 Nd7 22. Qe2 Nxe5 23. Bxe5 Ke7 24. Qf2 Rg6 25. g4 fxg4 26. hxg4 h4 27. Qh2 Qe8 28. f4 Qf7 29. fxg5 Qf3 30. Bf4 Rh8 31. Rf1 Qe4 32. Rd1 e5 33. Qh1 Qc2 34. Rf2 Qa4 35. a3 Qd7 36. Qf3 Kd8 37. Bxe5 Rh7 38. Qf8+ Qe8 39. Bf6+ Kd7 40. Qb4 Kc8 41. Qxb6 Qxe3+ 42. Kf1 Qh3+ 43. Ke1 Qh1+ 44. Kd2 Qf3 45. Qd8# 1-0

[Event "Tatry op"]
[Site "Tatranske Zruby"]
[Date "2012.09.25"]
[Round "4"]
[White "Lukac, Dusan"]
[Black "Marko, Jan"]
[Result "0-1"]
[WhiteElo "1851"]
[BlackElo "1761"]
[PlyCount "82"]
[EventDate "2012.09.23"]
[EventType "swiss"]
[EventRounds "9"]
[EventCountry "SVK"]
[SourceTitle "EXT 2023"]
[Source "ChessBase"]
[SourceDate "2022.10.05"]
[SourceVersion "1"]
[SourceVersionDate "2022.10.05"]
[SourceQuality "1"]

1. e4 c6 2. Nf3 g6 3. d4 Bg7 4. c3 d6 5. Be3 Bg4 6. h3 Bxf3 7. Qxf3 Nd7 8. Nd2 Ngf6 9. Nc4 d5 10. e5 dxc4 11. exf6 Nxf6 12. Bxc4 0-0 13. 0-0-0 Nd5 14. Bd2 Qd7 15. g4 e6 16. Qg3 Qc7 17. Qg2 Nf4 18. Qe4 Nd5 19. f4 Rae8 20. Qf3 Bh6 21. g5 Bg7 22. h4 Ne7 23. h5 Nd5 24. Rh4 f5 25. Rdh1 Kf7 26. R4h2 b5 27. Bd3 a6 28. Re2 Rc8 29. c4 bxc4 30. Bxc4 Bxd4 31. hxg6+ hxg6 32. Rh7+ Bg7 33. Bc3 Rg8 34. Qh3 Qxf4+ 35. Kb1 Qxc4 36. Rc2 Nxc3+ 37. Rxc3 Qe4+ 38. Rd3 Rcd8 39. Kc2 Rxd3 40. Qxd3 Qxd3+ 41. Kxd3 Rh8 0-1

[Event "Tatry op"]
[Site "Tatranske Zruby"]
[Date "2012.09.24"]
[Round "2"]
[White "Lukac, Dusan"]
[Black "Butora, Frantisek"]
[Result "1-0"]
[WhiteElo "1851"]
[BlackElo "1658"]
[PlyCount "29"]
[EventDate "2012.09.23"]
[EventType "swiss"]
[EventRounds "9"]
[EventCountry "SVK"]
[SourceTitle "EXT 2023"]
[Source "ChessBase"]
[SourceDate "2022.10.05"]
[SourceVersion "1"]
[SourceVersionDate "2022.10.05"]
[SourceQuality "1"]

1. e4 e5 2. Nf3 Nc6 3. Bc4 Bc5 4. 0-0 Nf6 5. c3 0-0 6. d4 exd4 7. cxd4 Bb6 8. e5 Ne8 9. d5 Na5 10. Bd3 Qe7 11. Bxh7+ Kxh7 12. Ng5+ Kg6 13. Qd3+ Kh5 14. Qh7+ Kg4 15. Qh3# 1-0

[Event "SVK-ch Seniors-A"]
[Site "Tatranske Matliare"]
[Date "2011.05.??"]
[Round "4"]
[White "Lukac, Dusan"]
[Black "Balala, Milan"]
[Result "1-0"]
[WhiteElo "1827"]
[BlackElo "1742"]
[PlyCount "49"]
[EventDate "2011.05.27"]
[EventType "swiss"]
[EventRounds "9"]
[EventCountry "SVK"]
[SourceTitle "EXT 2023"]
[Source "ChessBase"]
[SourceDate "2022.10.05"]
[SourceVersion "1"]
[SourceVersionDate "2022.10.05"]
[SourceQuality "1"]

1. e4 d6 2. d4 Nf6 3. Nc3 c6 4. Nf3 Nbd7 5. Bc4 h6 6. 0-0 b5 7. Bd3 e6 8. h3 a6 9. Re1 Be7 10. e5 dxe5 11. dxe5 Nd5 12. Ne4 Nc5 13. Nxc5 Bxc5 14. Be4 Qb6 15. Re2 Bb7 16. c3 Rd8 17. Qc2 Ne7 18. b4 Bxf2+ 19. Rxf2 0-0 20. Kh2 Rd7 21. Rd2 Rxd2 22. Bxd2 Qf2 23. Qd3 Qb6 24. Be3 Rd8 25. Bxb6 1-0

[Event "SVK-ch Seniors-A"]
[Site "Tatranske Matliare"]
[Date "2010.06.07"]
[Round "2"]
[White "Lukac, Dusan"]
[Black "Barancik, Michal"]
[Result "1/2-1/2"]
[WhiteElo "1838"]
[BlackElo "1912"]
[PlyCount "111"]
[EventDate "2010.06.06"]
[EventType "swiss"]
[EventRounds "9"]
[EventCountry "SVK"]
[SourceTitle "EXT 2023"]
[Source "ChessBase"]
[SourceDate "2022.10.05"]
[SourceVersion "1"]
[SourceVersionDate "2022.10.05"]
[SourceQuality "1"]

1. e4 c5 2. Nf3 d6 3. d4 cxd4 4. Nxd4 Nf6 5. Nc3 a6 6. Bd3 e6 7. 0-0 Be7 8. Nce2 b5 9. c3 Bb7 10. Qc2 Nbd7 11. Bg5 Nc5 12. Bxf6 Bxf6 13. Rad1 Nxd3 14. Qxd3 d5 15. exd5 Qxd5 16. Nf3 0-0 17. Qxd5 Bxd5 18. a3 Bc4 19. Rfe1 Rfd8 20. Rxd8+ Rxd8 21. h3 Kf8 22. Ned4 Bd5 23. Ne5 Bxe5 24. Rxe5 g6 25. f3 Ke7 26. Kf2 f6 27. Re2 e5 28. Ke1 Kf7 29. Nc2 Bc4 30. Rd2 Rxd2 31. Kxd2 f5 32. Nb4 Bf1 33. g3 Bxh3 34. Nxa6 h5 35. Ke2 f4 36. gxf4 exf4 37. Nc5 g5 38. Nd3 Bd7 39. Nc5 Bc6 40. Kf2 h4 41. b3 Bd5 42. a4 bxa4 43. bxa4 h3 44. Nd3 Ke7 45. a5 Kd6 46. Nb4 h2 47. Kg2 Bxf3+ 48. Kxh2 Be4 49. a6 g4 50. c4 g3+ 51. Kg1 f3 52. a7 f2+ 53. Kf1 Kc5 54. a8Q Bxa8 55. Nd3+ Kxc4 56. Nxf2 1/2-1/2

[Event "SVK-ch Seniors-A"]
[Site "Tatranske Matliare"]
[Date "2009.??.??"]
[Round "9"]
[White "Lukac, Dusan"]
[Black "Hrcka, Pavol"]
[Result "0-1"]
[WhiteElo "1849"]
[BlackElo "1765"]
[PlyCount "74"]
[EventDate "2009.05.31"]
[EventType "swiss"]
[EventRounds "9"]
[EventCountry "SVK"]
[SourceTitle "EXT 2023"]
[Source "ChessBase"]
[SourceDate "2022.10.05"]
[SourceVersion "1"]
[SourceVersionDate "2022.10.05"]
[SourceQuality "1"]

1. e4 e5 2. Nf3 Nc6 3. Bc4 Nf6 4. 0-0 Bc5 5. c3 d6 6. d4 exd4 7. cxd4 Bb6 8. Nc3 Bg4 9. Qd3 Bxf3 10. Qxf3 Bxd4 11. Bg5 Ne5 12. Qe2 c6 13. h3 h6 14. Bh4 g5 15. Bg3 h5 16. Rad1 Bxc3 17. bxc3 Qe7 18. f3 0-0-0 19. Bf2 c5 20. Bb3 g4 21. fxg4 hxg4 22. h4 Rdg8 23. g3 Nf3+ 24. Kg2 Rh5 25. Bc2 Qe5 26. Be3 Rxh4 27. Rxf3 gxf3+ 28. Qxf3 Rhg4 29. Bf2 Nh5 30. Qxf7 Rxg3+ 31. Kf1 R3g7 32. Qf3 Rg4 33. Rd5 Qh2 34. Qf5+ Kb8 35. Qxh5 Qf4 36. Rd1 Qf3 37. Qd5 Rg1# 0-1

[Event "SVK-ch Seniors-A"]
[Site "Tatranske Matliare"]
[Date "2009.??.??"]
[Round "7"]
[White "Lukac, Dusan"]
[Black "Mihalik, Anton"]
[Result "0-1"]
[WhiteElo "1849"]
[BlackElo "1965"]
[PlyCount "74"]
[EventDate "2009.05.31"]
[EventType "swiss"]
[EventRounds "9"]
[EventCountry "SVK"]
[SourceTitle "EXT 2023"]
[Source "ChessBase"]
[SourceDate "2022.10.05"]
[SourceVersion "1"]
[SourceVersionDate "2022.10.05"]
[SourceQuality "1"]

1. e4 c5 2. Nf3 d6 3. d4 cxd4 4. Nxd4 Nf6 5. Bd3 a6 6. 0-0 e5 7. Nf3 Be7 8. h3 0-0 9. Nc3 b5 10. a3 Bb7 11. Be3 Nbd7 12. Rc1 Rc8 13. Qe2 Nc5 14. Bxc5 Rxc5 15. Rfe1 h6 16. Nd2 Re8 17. Nb3 Rc8 18. Red1 Qb6 19. Kh1 Nd7 20. Qg4 Nf6 21. Qf5 g6 22. Qf3 Kg7 23. Rd2 Nh5 24. Rcd1 Bg5 25. Re2 Nf4 26. Ree1 Re6 27. h4 Bxh4 28. Bxb5 axb5 29. g3 Bxg3 30. fxg3 Nh5 31. Kg2 Rf6 32. Qe2 b4 33. axb4 Qxb4 34. Nd5 Bxd5 35. Rxd5 Rxc2 36. Qxc2 Qxe1 37. Rd1 Qxg3+ 0-1

[Event "SVK-ch Seniors-A"]
[Site "Tatranske Matliare"]
[Date "2009.??.??"]
[Round "3"]
[White "Lukac, Dusan"]
[Black "Novak, Ivan"]
[Result "0-1"]
[WhiteElo "1849"]
[BlackElo "2227"]
[PlyCount "98"]
[EventDate "2009.05.31"]
[EventType "swiss"]
[EventRounds "9"]
[EventCountry "SVK"]
[SourceTitle "EXT 2023"]
[Source "ChessBase"]
[SourceDate "2022.10.05"]
[SourceVersion "1"]
[SourceVersionDate "2022.10.05"]
[SourceQuality "1"]

1. e4 Nc6 2. d4 e6 3. Nf3 a6 4. e5 d6 5. Be2 dxe5 6. dxe5 Qxd1+ 7. Bxd1 b6 8. c3 Bb7 9. 0-0 0-0-0 10. Be2 h6 11. h4 g6 12. Re1 Nge7 13. b4 Bg7 14. Bf4 Nd5 15. Bg3 f5 16. b5 axb5 17. Bxb5 Na7 18. Bf1 c5 19. a4 Nc6 20. Bb5 Na5 21. Ra3 Nc7 22. Bf1 Bxf3 23. gxf3 Rd5 24. f4 Rhd8 25. Ra2 Rd1 26. Rxd1 Rxd1 27. Na3 Rc1 28. c4 Nc6 29. Nb5 Bf8 30. Kg2 Nxb5 31. axb5 Na5 32. Be2 Be7 33. f3 Nxc4 34. Ra8+ Kd7 35. Rg8 Rc2 36. Kf1 Nd2+ 37. Ke1 c4 38. Kd1 Rb2 39. Rg7 h5 40. Be1 c3 41. Bd3 Ra2 42. Rxg6 Bb4 43. Rg7+ Kd8 44. Rg8+ Ke7 45. Rg7+ Kf8 46. Rc7 Bc5 47. Ke2 Nc4+ 48. Kd1 Ne3+ 49. Kc1 Ra1+ 0-1

[Event "SVK-ch Seniors"]
[Site "Tatranske Matliare"]
[Date "2008.06.14"]
[Round "9"]
[White "Lukac, Dusan"]
[Black "Spiriak, Vladimir"]
[Result "0-1"]
[WhiteElo "1868"]
[BlackElo "1958"]
[PlyCount "98"]
[EventDate "2008.06.08"]
[EventType "swiss"]
[EventRounds "9"]
[EventCountry "SVK"]
[SourceTitle "EXT 2009"]
[Source "ChessBase"]
[SourceDate "2008.11.26"]
[SourceVersion "1"]
[SourceVersionDate "2008.11.26"]
[SourceQuality "1"]

1. e4 e6 2. Nf3 d5 3. exd5 exd5 4. d4 Nf6 5. Bd3 Be7 6. 0-0 0-0 7. c3 Bg4 8. Bf4 Bd6 9. Bxd6 Qxd6 10. Nbd2 Nbd7 11. Qc2 Bxf3 12. Nxf3 g6 13. Qd2 Kg7 14. Rae1 Rfe8 15. Rxe8 Rxe8 16. Re1 Rxe1+ 17. Qxe1 Qf4 18. Qd2 Qxd2 19. Nxd2 Ne8 20. f4 f5 21. Kf2 Nef6 22. Nf3 Nb6 23. b3 Ne4+ 24. Ke3 Nxc3 25. a4 Nd7 26. Ng5 Nf8 27. h3 Kf6 28. Nf3 Ne6 29. g3 Ke7 30. Bc2 Kd6 31. g4 fxg4 32. hxg4 Na2 33. f5 Nb4 34. Bb1 gxf5 35. gxf5 Nf8 36. Kf4 b6 37. Kg5 c5 38. dxc5+ bxc5 39. Kf6 d4 40. Be4 Nd5+ 41. Kg7 Nd7 42. Bxd5 Kxd5 43. Kxh7 Ke4 44. Nd2+ Kxf5 45. Kh6 Kf4 46. Kg6 Ke3 47. Nc4+ Kd3 48. Kf5 Kc3 49. Ke4 Nb6 0-1

[Event "SVK-ch Seniors"]
[Site "Tatranske Matliare"]
[Date "2008.06.12"]
[Round "7"]
[White "Lukac, Dusan"]
[Black "Balko, Dominik"]
[Result "1/2-1/2"]
[WhiteElo "1868"]
[BlackElo "2006"]
[PlyCount "21"]
[EventDate "2008.06.08"]
[EventType "swiss"]
[EventRounds "9"]
[EventCountry "SVK"]
[SourceTitle "EXT 2009"]
[Source "ChessBase"]
[SourceDate "2008.11.26"]
[SourceVersion "1"]
[SourceVersionDate "2008.11.26"]
[SourceQuality "1"]

1. e4 c6 2. Nf3 d5 3. exd5 cxd5 4. d4 Nc6 5. Bb5 Bd7 6. 0-0 Nf6 7. Bg5 e6 8. Re1 Be7 9. c3 0-0 10. Ba4 Qe8 11. Bc2 1/2-1/2

[Event "Tatry op"]
[Site "Tatranske Zruby"]
[Date "2007.09.25"]
[Round "5"]
[White "Lukac, Dusan"]
[Black "Kebis, Milos"]
[Result "0-1"]
[WhiteElo "1894"]
[BlackElo "2024"]
[PlyCount "40"]
[EventDate "2007.09.22"]
[EventType "swiss"]
[EventRounds "9"]
[EventCountry "SVK"]
[SourceTitle "CBM 120 Extra"]
[Source "ChessBase"]
[SourceDate "2007.11.01"]
[SourceVersion "1"]
[SourceVersionDate "2007.11.01"]
[SourceQuality "1"]

1. e4 g6 2. d4 Bg7 3. c3 d6 4. Nf3 Nf6 5. e5 dxe5 6. Nxe5 0-0 7. Bc4 Nbd7 8. Nxd7 Qxd7 9. Be3 Ng4 10. 0-0 Qd6 11. g3 Nxe3 12. fxe3 e5 13. Na3 Bh3 14. Rxf7 Rxf7 15. Bxf7+ Kxf7 16. Qb3+ Qe6 17. Qxb7 Rf8 18. Nc2 Kg8 19. Qxc7 exd4 20. exd4 Qe2 0-1

[Event "SVK-ch Seniors op"]
[Site "Tatranske Matliare"]
[Date "2007.06.10"]
[Round "1"]
[White "Hebelka, Milos"]
[Black "Lukac, Dusan"]
[Result "1-0"]
[WhiteElo "2093"]
[BlackElo "1894"]
[PlyCount "65"]
[EventDate "2007.06.10"]
[EventType "swiss"]
[EventRounds "9"]
[EventCountry "SVK"]
[SourceTitle "EXT 2008"]
[Source "ChessBase"]
[SourceDate "2007.11.25"]
[SourceVersion "1"]
[SourceVersionDate "2007.11.25"]
[SourceQuality "1"]

1. e4 e5 2. Nf3 d6 3. d4 Bg4 4. dxe5 Bxf3 5. Qxf3 dxe5 6. Bc4 Qf6 7. Qb3 b6 8. 0-0 Bc5 9. Be3 Nd7 10. a4 Ne7 11. Nc3 0-0 12. Rad1 Bd6 13. Nd5 Nxd5 14. Bxd5 Rad8 15. a5 Qg6 16. Rd3 Nc5 17. Bxc5 Bxc5 18. Qb5 a6 19. Qxa6 c6 20. b4 Bxb4 21. Qxb6 cxd5 22. Qxb4 dxe4 23. Rxd8 Rxd8 24. Qb6 Qd6 25. c4 Kf8 26. h3 Ke7 27. Qb7+ Rd7 28. Qxe4 h6 29. Rb1 Qc5 30. Rb5 Rd1+ 31. Kh2 Rd4 32. Qb7+ Rd7 33. Qxd7+ 1-0

[Event "Tatry op"]
[Site "Tatranske Zruby"]
[Date "2006.09.30"]
[Round "9"]
[White "Mrazik, Lubomir"]
[Black "Lukac, Dusan"]
[Result "1-0"]
[WhiteElo "2099"]
[BlackElo "1854"]
[PlyCount "105"]
[EventDate "2006.09.23"]
[EventType "swiss"]
[EventRounds "9"]
[EventCountry "SVK"]
[SourceTitle "CBM 114 Extra"]
[Source "ChessBase"]
[SourceDate "2006.11.03"]
[SourceVersion "1"]
[SourceVersionDate "2006.11.03"]
[SourceQuality "1"]

1. e4 e5 2. Nf3 d6 3. d4 exd4 4. Nxd4 g6 5. Be3 Bg7 6. Nc3 a6 7. Qd2 Nf6 8. f3 Bd7 9. Bc4 Nc6 10. a3 Qe7 11. 0-0 0-0 12. Nde2 Be6 13. Nd5 Bxd5 14. exd5 Ne5 15. Bb3 Rfe8 16. Bg5 Ned7 17. Nc3 Qf8 18. Rae1 Rxe1 19. Rxe1 Re8 20. Nd1 Rxe1+ 21. Qxe1 Bh6 22. Bxh6 Qxh6 23. Qe3 Qh5 24. c4 Kg7 25. Bc2 a5 26. b3 b6 27. Nc3 Qe5 28. Qxe5 Nxe5 29. Nb5 Ne8 30. Kf2 f5 31. Ke3 Kf6 32. h3 h6 33. f4 Nd7 34. b4 axb4 35. axb4 Kf7 36. Nd4 Nf8 37. Ba4 Ke7 38. Bd1 Nf6 39. g4 fxg4 40. hxg4 Kf7 41. g5 hxg5 42. fxg5 Ne8 43. Kf4 Ke7 44. Ba4 Nd7 45. Nf3 Nf8 46. Ke4 Nd7 47. Bxd7 Kxd7 48. Nh4 Ng7 49. Nxg6 Ke8 50. Nf4 Kf7 51. Ne6 Ne8 52. Kf5 c5 53. dxc6 1-0